| 000 | 01214cam a2200325 i 4500 | ||
|---|---|---|---|
| 001 | 12489 | ||
| 003 | BD-RjUL | ||
| 005 | 20211208235314.0 | ||
| 008 | 140129s1975 ne a b 101 0 eng | ||
| 020 | _a0444413561 (American Elsevier) : | ||
| 035 | _a(BD-RjUL)12538 | ||
| 040 |
_aDLC _cDLC _dDLC _dBD-RjUL _beng |
||
| 041 | _aeng | ||
| 082 | 0 | 0 |
_a598.25 _bNEU 1975 |
| 245 | 0 | 0 |
_aNeural and endocrine aspects of behaviour in birds / _cedited by Peter Wright, Peter G. Caryl and David M. Vowles. |
| 260 |
_aAmsterdam ; _aNew York : _bElsevier Scientific Pub. Co., _cc1975. |
||
| 300 |
_ax, 408 p. : _bill. ; _c24 cm. |
||
| 500 | _aPapers from a conference sponsored by the Dept. of Psychology, University of Edinburgh, 1974. | ||
| 504 | _aIncludes bibliographies and indexes. | ||
| 650 | 0 |
_aBirds _xBehavior _vCongresses. _938881 |
|
| 650 | 0 |
_aBirds _xNervous system _vCongresses. _938882 |
|
| 650 | 0 |
_aEndocrinology _vCongresses. _938883 |
|
| 700 | 1 |
_aWright, Peter, _cM.A., D.Phil. _938884 |
|
| 700 | 1 |
_aCaryl, Peter G. _938885 |
|
| 700 | 1 |
_aVowles, David M. _938886 |
|
| 710 | 2 |
_aUniversity of Edinburgh. _bDepartment of Psychology. _938887 |
|
| 942 |
_2ddc _cBK |
||
| 999 |
_c12489 _d12489 |
||